Materials Management (Record no. 2327)

MARC details
000 -LEADER
fixed length control field 00387nam a22001697a 4500
005 - DATE AND TIME OF LATEST TRANSACTION
control field 20160601111058.0
008 - FIXED-LENGTH DATA ELEMENTS--GENERAL INFORMATION
fixed length control field 160601b xxu||||| |||| 00| 0 eng d
020 ## - INTERNATIONAL STANDARD BOOK NUMBER
ISBN 81-203-1251-1
041 ## - LANGUAGE CODE
Language code of text/sound track or separate title eng
082 ## - DEWEY DECIMAL CLASSIFICATION NUMBER
Item number 6685
100 ## - MAIN ENTRY--AUTHOR NAME
Personal name Datta, A.K.
245 ## - TITLE STATEMENT
Title Materials Management
260 ## - PUBLICATION, DISTRIBUTION, ETC. (IMPRINT)
Place of publication New Delhi
Name of publisher PHI,
Year of publication 2004
300 ## - PHYSICAL DESCRIPTION
Number of Pages 398
650 ## - SUBJECT ADDED ENTRY--TOPICAL TERM
Topical Term Management
942 ## - ADDED ENTRY ELEMENTS (KOHA)
Koha item type Books
Holdings
Lost status Damaged status Collection code Home library Current library Shelving location Date acquired Cost, normal purchase price Full call number Accession Number Koha item type
    MANAGEMENT JRU Library JRU Library SHELF- 68 M 01/06/2016 175.00 6685 6685 Books
    MANAGEMENT JRU Library JRU Library SHELF- 68 M 01/06/2016 175.00 6685 6686 Books
    MANAGEMENT JRU Library JRU Library SHELF- 68 M 01/06/2016 175.00 6685 6687 Books